000 00327nam a2200133Ia 4500
008 240624s9999 xx 000 0 und d
041 _aeng
082 _a361.1 CAR
100 _aCARL JOHN D
245 _aTHINK SOCIAL PROBLEMS
260 _c2011
_aBoston
_bPrentice Hall
300 _axv, : 342 : p. : cm. ; 27
365 _c
_b30
999 _c19674
_d19674